| 000 | 00714nam a22002417a 4500 | ||
|---|---|---|---|
| 003 | CHAP | ||
| 005 | 20220329140812.0 | ||
| 008 | 971013s r 00010 d | ||
| 010 | _a57844 | ||
| 011 | _a58816 | ||
| 035 | _a62972 | ||
| 040 | _cCHAP | ||
| 090 | _aR-1019 | ||
| 100 | 0 | 0 |
_aSteele, James H. _9109573 |
| 245 | _aAnimal deseases transmissible to man | ||
| 500 | _aSobretiro de: Cyanamid International Veterinary Bulletin 3(1) : 1976. 15 p. | ||
| 590 |
_aBATCH-UPD _b10 _c20130110 _lUCH01 _h2016 |
||
| 590 |
_aCONVERSION _b10 _c20130109 _lUCH01 _h1331 |
||
| 650 | 1 | 4 |
_aAnimales como vectores de enfermedades. _95877 |
| 901 | _aBK | ||
| 942 | _cREIMP | ||
| 949 |
_aR-1019 _bBC _cR _d-135135 _eTS1 _i62972 _si |
||
| 999 |
_c57844 _d57844 |
||